Grzyby jadalne - Nagła Śmierć #1 - Statystyki

Ogólne statystyki
  • Ten quiz został rozwiązany 137 razy
  • Średni wynik to 7 z 20
Answers on the Grid
Answers color-coded by a green-red scale on the quiz's grid according to % correct below.
Borowik szlachetny
Borowik szatański
Czubajka kania
Gąska sosnowa
Gołąbek jadalny
Muchomor czerwony
Gąska bukowa
Muchomor sromotnikowy
Muchomor jadowity
Borowik amerykański
Borowik ponury
Pieprznik jadany (kurka)
Smardz jadalny
Maślak zwyczajny
Pieczarka karbolowa
Czubajka cuchnąca
Dzwonkówka trująca
Boczniak różowy
Gołąbek żółciowy
Opieńka miodowa
Koźlarz babka
Lisówka pomarańczowa
Gąska topolowa
Gęśnica wiosenna
Koźlarz dębowy
Muchomor alpejski
Mleczaj płowy
Koźlarz sosnowy
Gąska tygrysia
Gołąbek buczynowy
Boczniak białożółty
Boczniak łyżkowaty
Gołąbek wymiotny
Krowiak olszowy
Muchomor wiosenny
Pieczarka płaska
Borowik górski
Borowik królewski
Piestrzenica kasztanowata
Czernidłak pospolity
 
Statystyki odpowiedzi
Odpowiedź % Poprawnych
Borowik szlachetny
95%
Czubajka kania
69%
Gołąbek jadalny
62%
Maślak zwyczajny
48%
Pieprznik jadany (kurka)
48%
Smardz jadalny
48%
Borowik amerykański
47%
Gąska sosnowa
44%
Koźlarz babka
42%
Koźlarz sosnowy
38%
Borowik królewski
36%
Opieńka miodowa
36%
Koźlarz dębowy
34%
Borowik górski
29%
Boczniak różowy
25%
Boczniak białożółty
16%
Boczniak łyżkowaty
13%
Czernidłak pospolity
8%
Gąska topolowa
8%
Gęśnica wiosenna
5%
Nie znaleziono quizów pasujących do podanych kryteriów
Rozkład punktacji
Procent ludzi z każdym wynikiem
Percentyl według liczby udzielonych odpowiedzi
Twoja historia wyników
Nie rozwiązałeś tego quizu